000 00518nam a2200181Ia 4500
003 OSt
005 20240322150122.0
008 210210b1955 xxu||||| |||| 00| 0 eng d
040 _cAL
041 _akan
082 _a854/227
100 _aRANGANATHA MUGALI SHRI ರಂಗನಾಥ ಮುಗಳಿ ಶ್ರೀ
_9146682
245 _aSahityopasana:
_bಸಾಹಿತ್ಯೋಪಾಸನ
260 _aMaisuru
_bSharada Mandira
_c1955
690 _aKannada Criticism
_9146683
906 _a020077
942 _2ddc
_cBK
999 _c144229
_d144229